000
00336nam a2200157Ia 4500
008
150616s9999 xx 000 0 und d
040
_c
OCLC
040
_d
OCLC
080
_a
616
100
_a
Schwarcz; Sala; Duverges
245
_a
Obstetricia
260
_a
Buenos Aires
260
_b
El ateneo
260
_c
2012
942
_c
BK
999
_c
1749
_d
1749